• 首页
  • 本馆介绍
  • 公告通知
  • 最新文献
  • 馆藏检索
  • 电子资源
  • 读者导购
  • 参考咨询
  • 我的图书馆
  • 登录
  • 详细信息显示
  • 放入我的书架
  • 预约/预借图书
  • 作者相关作品
  • 分类相关作品
  • 丛书相关作品
  • 出版社相关作品

书目信息

  • 表格格式
  • 工作单格式
  • 卡片格式
题名:
乔治·爱略特作品中的国民性研究
    
 
作者: 杜海霞 , 卢艳梅 著
分册:  
出版信息: 北京   北京工业大学出版社  2021.10
页数: 112页
开本: 23cm
丛书名:
单 册:
中图分类: I561.074
科图分类:
主题词: 小说研究--xiao shuo yan jiu--英国--现代
电子资源:
ISBN: 978-7-5639-6738-4
000 01080nam0 2200277 450
001 CAL 010160855
005 20230217093112.0
010    @a978-7-5639-6738-4@dCNY52.00
100    @a20220113d2021 em y0chiy0120 ea
101 0  @achi
102    @aCN@b110000
105    @ak a 000yy
106    @ar
200 1  @a乔治·爱略特作品中的国民性研究@Aqiao zhi · ai lue te zuo pin zhong de guo min xing yan jiu@f杜海霞, 卢艳梅著
210    @a北京@c北京工业大学出版社@d2021.10
215    @a112页@d23cm
300    @a2017年度河南省教育厅人文社会科学研究项目研究成果 (乔治·爱略特作品中的“英国性”研究)
320    @a有书目 (第86-97页)
330    @a本书以爱略特的七部小说和一部诗剧为主要研究对象, 结合历史背景和文化研究的相关视角, 从对“英国性”的批判和建构两个维度探讨“英国性”。
600  1 @a爱略特@Aai lue te@g(Eliot, George),@f1819-1880@x小说研究
606    @a小说研究@Axiao shuo yan jiu@y英国@z现代
690    @aI561.074@v5
701  0 @a杜海霞@Adu hai xia@4著
701  0 @a卢艳梅@Alu yan mei@4著
801  0 @aCN@bBJXHZP@c20230228
905    @b1386184-7@dI561.074@e1364@f4
    
    乔治·爱略特作品中的国民性研究/杜海霞, 卢艳梅著.-北京:北京工业大学出版社,2021.10
    112页;23cm
    2017年度河南省教育厅人文社会科学研究项目研究成果 (乔治·爱略特作品中的“英国性”研究)
    
    ISBN 978-7-5639-6738-4:CNY52.00
    本书以爱略特的七部小说和一部诗剧为主要研究对象, 结合历史背景和文化研究的相关视角, 从对“英国性”的批判和建构两个维度探讨“英国性”。
●
相关链接 在E读中查询图书 在五车中查询图书 在当当中查询图书 在豆瓣中查询图书


正题名:乔治·爱略特作品中的国民性研究     索取号:I561.074/1364         预约/预借

序号 登录号 条形码 馆藏地/架位号 状态 备注
1 1386184   213861846   第一样本阅览室/ [索取号:I561.074/1364] 在馆    
2 1386185   213861855   第二借阅区/ [索取号:I561.074/1364] 在馆    
3 1386186   213861864   第二借阅区/ [索取号:I561.074/1364] 在馆    
4 1386187   213861873   第二借阅区/ [索取号:I561.074/1364] 在馆    
唐山师范学院图书馆 欢迎您!
大连网信软件有限公司© 版权所有